Movies Quiz

Random Movies or Box Office Quiz

First Name Basis: Movies Quiz Stats

 Plays Quiz Updated Feb 9, 2018

     
Support Sporcle.
Go Orange.
Score 0/20 Timer 05:00
6 Plays Today
% Correct
Tom
95.4%
Leonardo
94.5%
Hugh
94%
Sean
93.7%
Julia
93.2%
Marlon
91.9%
Robin
91.7%
Sigourney
91.1%
Dustin
90.6%
Audrey
88.4%
% Correct
Charles
88.2%
Morgan
85.4%
Alec
84.8%
Anne
81.4%
Vivien
73.9%
Cate
68.2%
Katharine
67.6%
Bette
66.1%
Naomi
66%
Jane
55.1%

From the Vault

June in Other Languages

by khands

No matter what language it's in, June means the beginning of summer.
Remove Ads.
Support Sporcle.
Get the best of Sporcle when you Go Orange. This ad-free experience offers more features, more stats, and more fun while also helping to support Sporcle. Thank you for becoming a member.

Show Comments

Extras

Top Quizzes Today


Score Distribution

Your Account Isn't Verified!

In order to create a playlist on Sporcle, you need to verify the email address you used during registration. Go to your Sporcle Settings to finish the process.

Report this User

Report this user for behavior that violates our Community Guidelines.

Details: